Statistiques concernant Effets indésirables des antis inflammatoires stéroidiens

Cliquez ici pour prendre le quiz!

Statistiques générales

  • Ce quiz a été pris 7 fois
  • Le résultat moyen est 4 sur 22

Statistiques - réponses

troublesEffets indésirables% Correct
digestifsconstipation
67%
cutanésacné
50%
métaboliqueshyperglycémie
50%
neuropsychiquesanxiété
33%
neuropsychiquesdépression
33%
hydroélectrolytiqueshypokaliémie
33%
osseuxostéoporose
33%
oculairescataracte
17%
musculairescrampes
17%
oculairesglaucome
17%
neuropsychiquesinsomnie
17%
digestifsulcère gastro-duodénal
17%
endocriniensarrêt ou retard de
croissance chez l’enfant
0%
osseuxdéminéralisation
0%
musculairesfonte musculaire
0%
métaboliqueshyperlipidémie
0%
cardiovasculaireshypertension artérielle
0%
digestifspancréatite
0%
hydroélectrolytiquesrétention hydrosodée
0%
endocrinienssyndrome de Cushing
0%
cardiovasculairesthrombose vasculaire
0%
cutanéstroubles de la
cicatrisation
0%

Distribution des résultats

Percentile par nombre de réponses

% des personnes avec chaque résultat

Votre développement - résultats

Vous n’avez pas pris ce quiz